In quale squadra NON ha giocato? - Quiz n°10 - Statistics

Statistiche generali
  • Questo quiz è stato fatto 11 volte
  • Il punteggio medio è 4 su 6
Statistiche sulle risposte
Domanda Risposta % Corretto
Samuel Eto'o Atletico Madrid
80%
Igor Tudor Newcastle Utd
80%
Jonathan Ikoné Spezia
80%
Andrej Kramarić Stella Rossa
60%
Jordan Henderson Al-Nassr
40%
Raffaele Palladino Sampdoria
20%
Nessun quiz corrispondente trovato
Distribuzione punteggi
Percentuale di utenti per punteggio
Percentile per numero di risposta
I tuoi punteggi nel tempo
Non hai fatto questo quiz